00712nam a2200241 a 4500001001300000003000900013005001700022008004100039020001000080082001700090100002100107245004900128260005900177300000900236500003500245505001000280650001200290700002100302902000800323942000700331952011700338999001500455nice12345678IN_TiNIC20260116011436.0050524s1919 lona grp 000 0 eng  ac10000a296.123bOES aOesterley, W O E aSayings of the Jewish Fathersb Pirke Aboth. aLondonbSociety for Promoting Christian Knowledgc1919 a103p aincludes index and biblioraphy2 aIndex aMishnah1 aOesterley, W O E bSRS cBK 001040708StackRoom-aHMIbHMId2007-07-27g100.00l0o296.123 OESp01691r2007-07-27v100.00w2005-05-24yBK c1576d1576